[Event "Berlin Werner Ott op"]
[Site "Berlin"]
[Date "2023.07.17"]
[Round "3"]
[White "Bethe, Stephan"]
[Black "Paulsen, Dirk"]
[Result "0-1"]
[WhiteElo "2111"]
[BlackElo "2292"]
[PlyCount "88"]
[EventDate "2023.07.15"]
[EventType "swiss"]
[EventRounds "9"]
[EventCountry "GER"]
[SourceTitle "EXT 2024"]
[Source "ChessBase"]
[SourceDate "2023.10.10"]
[SourceVersion "1"]
[SourceVersionDate "2023.10.10"]
[SourceQuality "1"]

1. e4 d6 2. d4 e5 3. dxe5 dxe5 4. Qxd8+ Kxd8 5. Bc4 f6 6. Be3 Nd7 7. Nd2 Bc5 8. Bxc5 Nxc5 9. 0-0-0 Ke7 10. Ne2 Nh6 11. f3 c6 12. b4 Ne6 13. Kb2 Nf7 14. Bb3 a5 15. a3 Nd6 16. Nc4 Nxc4+ 17. Bxc4 Nc7 18. Rd2 Rd8 19. Rxd8 Kxd8 20. Ng3 Ke7 21. h4 Ne8 22. Bb3 Nd6 23. Rd1 g6 24. h5 Be6 25. hxg6 hxg6 26. Rh1 Bxb3 27. Kxb3 a4+ 28. Ka2 Ke6 29. Rh7 Rg8 30. Ne2 b5 31. Nc1 f5 32. Nd3 fxe4 33. Nc5+ Kf5 34. fxe4+ Kf4 35. Rh3 Nc4 36. Rf3+ Kg5 37. Nd3 Rd8 38. Rg3+ Kf6 39. Rf3+ Ke7 40. Rh3 Rd6 41. g4 Kf6 42. Rg3 Kg5 43. Rg1 Rd4 44. Nc5 Rd2 0-1

[Event "Titled Tuesday intern op 20th Jun Late"]
[Site "Chess.com INT"]
[Date "2023.06.20"]
[Round "3"]
[White "Seemann, Jakub"]
[Black "Paulsen, Dirk"]
[Result "1-0"]
[WhiteElo "2446"]
[BlackElo "2291"]
[PlyCount "65"]
[EventDate "2023.06.20"]
[EventType "swiss (blitz)"]
[EventRounds "11"]
[EventCountry "USA"]
[SourceTitle "EXT 2024"]
[Source "ChessBase"]
[SourceDate "2023.10.10"]
[SourceVersion "1"]
[SourceVersionDate "2023.10.10"]
[SourceQuality "1"]

1. d4 Nf6 2. c4 e6 3. Nc3 Bb4 4. e3 Bxc3+ 5. bxc3 d6 6. Bd3 e5 7. Ne2 c5 8. 0-0 Nc6 9. d5 Ne7 10. e4 Ng6 11. g3 Bh3 12. Re1 h5 13. Bg5 Qd7 14. f4 Nh7 15. Rf1 f6 16. f5 Nxg5 17. fxg6 Bxf1 18. Qxf1 h4 19. Qf5 b6 20. Kg2 Qxf5 21. exf5 Kd7 22. g4 Rae8 23. h3 e4 24. Bc2 Kc7 25. Nf4 Re7 26. Ne6+ Nxe6 27. dxe6 d5 28. cxd5 Kd6 29. c4 Ke5 30. Rd1 Rd8 31. Kf2 Kf4 32. d6 Ree8 33. Ba4 1-0

[Event "Berlin Cup KO"]
[Site "Berlin"]
[Date "2018.09.20"]
[Round "4.2"]
[White "Gressmann, Moritz"]
[Black "Paulsen, Dirk"]
[Result "1-0"]
[WhiteElo "2103"]
[BlackElo "2306"]
[PlyCount "95"]
[EventDate "2018.08.30"]
[EventType "k.o."]
[EventRounds "5"]
[EventCountry "GER"]
[SourceTitle "EXT 2022"]
[Source "ChessBase"]
[SourceDate "2021.10.06"]
[SourceVersion "1"]
[SourceVersionDate "2021.10.06"]
[SourceQuality "1"]

1. e4 c5 2. c3 e6 3. Nf3 d5 4. exd5 Qxd5 5. d4 Nf6 6. Be2 Nc6 7. 0-0 Be7 8. h3 Qd8 9. Ne5 Bd7 10. Bf3 0-0 11. a4 Nd5 12. Nxd7 Qxd7 13. c4 Ndb4 14. d5 Nd4 15. Nc3 e5 16. Be2 f5 17. Be3 Bd6 18. Rc1 Rae8 19. f4 Qe7 20. fxe5 Qxe5 21. Bf4 Qxf4 22. Rxf4 Bxf4 23. Rb1 Re3 24. Bf1 Rfe8 25. Nb5 Ndc2 26. Qh5 g6 27. Qh4 Bg3 28. Qf6 Be5 29. Qg5 a6 30. d6 Nc6 31. Nc7 Rd8 32. Nd5 Rg3 33. Ne7+ Kf7 34. Qh4 Rxd6 35. Qxh7+ Ke8 36. Nc8 Re6 37. Qg8+ Kd7 38. Nb6+ Kd6 39. Qf8+ Kc7 40. Qf7+ Kxb6 41. Qxe6 N2d4 42. Qd5 a5 43. Kf2 Rb3 44. Be2 Bg3+ 45. Kf1 Re3 46. Bf3 Nxf3 47. gxf3 Be5 48. Re1 1-0

[Event "Leipzig DSAM Cup"]
[Site "Leipzig"]
[Date "2018.06.01"]
[Round "3"]
[White "Schroeder, Torsten"]
[Black "Paulsen, Dirk"]
[Result "0-1"]
[WhiteElo "2174"]
[BlackElo "2317"]
[PlyCount "63"]
[EventDate "2018.05.31"]
[EventType "swiss"]
[EventRounds "5"]
[EventCountry "GER"]
[SourceTitle "EXT 2019"]
[Source "ChessBase"]
[SourceDate "2018.10.10"]
[SourceVersion "1"]
[SourceVersionDate "2018.10.10"]
[SourceQuality "1"]

1. d4 Nf6 2. c4 c5 3. Nf3 cxd4 4. g3 e5 5. Bg2 Nc6 6. 0-0 Bc5 7. a3 a5 8. Re1 0-0 9. e3 d6 10. b3 h6 11. h3 Bf5 12. Kh2 Qb6 13. Nh4 Bh7 14. e4 d3 15. Qxd3 Bxf2 16. Be3 Bxe3 17. Rxe3 Nd4 18. Nf5 Bxf5 19. exf5 Nc2 20. Qxc2 Qxe3 21. Nc3 Rae8 22. Nd5 Nxd5 23. Bxd5 e4 24. Rf1 Qd3 25. Qg2 e3 26. f6 e2 27. Re1 Re3 28. Qf2 gxf6 29. Qxf6 Rxg3 30. Qh4 Rg5 31. Qf2 Qf5 32. Rxe2 0-1

[Event "Berlin Lieb Memorial 4th"]
[Site "Berlin"]
[Date "2018.05.24"]
[Round "2"]
[White "Schubert, Johann Georg"]
[Black "Paulsen, Dirk"]
[Result "0-1"]
[WhiteElo "1917"]
[BlackElo "2317"]
[PlyCount "52"]
[EventDate "2018.05.17"]
[EventType "swiss"]
[EventRounds "7"]
[EventCountry "GER"]
[SourceTitle "CBM 189 Extra"]
[Source "ChessBase"]
[SourceDate "2019.06.03"]
[SourceVersion "1"]
[SourceVersionDate "2019.06.03"]
[SourceQuality "1"]

1. d4 d5 2. Bf4 g6 3. e3 Bg7 4. Nc3 Nf6 5. h4 a6 6. Bd3 c5 7. h5 gxh5 8. Rxh5 cxd4 9. exd4 Nc6 10. Rh4 Nxd4 11. Be5 Nc6 12. f4 d4 13. Ne4 Nxe5 14. fxe5 Qa5+ 15. Qd2 Qxd2+ 16. Nxd2 Ng4 17. Ngf3 Nxe5 18. Nxe5 Bxe5 19. Rxh7 Rxh7 20. Bxh7 f5 21. Kf2 Kf7 22. Nf3 Bf6 23. Rh1 Bd7 24. Nh4 Rh8 25. Bg6+ Kg7 26. Bxf5 Rxh4 0-1

[Event "Berlin Cup"]
[Site "Berlin"]
[Date "2017.09.28"]
[Round "4"]
[White "Paulsen, Dirk"]
[Black "Schmidt, Martin3333"]
[Result "1-0"]
[WhiteElo "2307"]
[BlackElo "2047"]
[PlyCount "59"]
[EventDate "2017.09.14"]
[EventType "k.o."]
[EventRounds "6"]
[EventCountry "GER"]
[SourceTitle "CBM 189 Extra"]
[Source "ChessBase"]
[SourceDate "2019.06.03"]
[SourceVersion "1"]
[SourceVersionDate "2019.06.03"]
[SourceQuality "1"]

1. d4 Nf6 2. Nf3 e6 3. c4 d5 4. Bg5 Be7 5. Nc3 0-0 6. e3 b6 7. cxd5 exd5 8. Ne5 Bb7 9. Bb5 Ne4 10. Bf4 Nxc3 11. bxc3 c6 12. Ba4 b5 13. Bc2 Nd7 14. Qh5 Nf6 15. Qf3 Qa5 16. 0-0 Qxc3 17. Rfc1 Qa3 18. Bf5 b4 19. Bg5 Rfe8 20. Qh3 g6 21. Be6 Rf8 22. Nxf7 Rxf7 23. Bxf6 Bc8 24. Bxe7 Bxe6 25. Qxe6 Re8 26. Rxc6 Qb2 27. Rf1 Rexe7 28. Qxd5 Kg7 29. h4 Qe2 30. Qg5 1-0

[Event "Berlin Lieb Memorial 3rd"]
[Site "Berlin"]
[Date "2017.07.06"]
[Round "7"]
[White "Malek, Daniel"]
[Black "Paulsen, Dirk"]
[Result "1/2-1/2"]
[WhiteElo "2398"]
[BlackElo "2299"]
[PlyCount "99"]
[EventDate "2017.05.11"]
[EventType "swiss"]
[EventRounds "7"]
[EventCountry "GER"]
[SourceTitle "CBM 189 Extra"]
[Source "ChessBase"]
[SourceDate "2019.06.03"]
[SourceVersion "1"]
[SourceVersionDate "2019.06.03"]
[SourceQuality "1"]

1. Nf3 Nf6 2. c4 e6 3. Nc3 d5 4. d4 c5 5. cxd5 Nxd5 6. e4 Nxc3 7. bxc3 cxd4 8. cxd4 Bb4+ 9. Bd2 Bxd2+ 10. Qxd2 0-0 11. Rc1 b6 12. Bd3 Bb7 13. 0-0 Nc6 14. Qe3 Qe7 15. Rfd1 Rfd8 16. Bb1 Na5 17. Ne5 Rac8 18. f4 Rxc1 19. Rxc1 Qb4 20. Nf3 Qb2 21. Qc3 Qxc3 22. Rxc3 Kf8 23. Kf2 Ke7 24. Ke3 Rc8 25. Rxc8 Bxc8 26. Bd3 Bb7 27. g4 f6 28. g5 Bc6 29. h4 h6 30. gxh6 gxh6 31. Nh2 Kf7 32. Ng4 Kg7 33. e5 fxe5 34. dxe5 Bd5 35. a3 Nc4+ 36. Kd4 Nxa3 37. f5 exf5 38. Nxh6 Be6 39. Nxf5+ Bxf5 40. Bxf5 Nb5+ 41. Kd5 Nc3+ 42. Kd6 Ne2 43. Kd5 Nc3+ 44. Kc4 Na4 45. Kb5 Nc5 46. Kc6 Kh6 47. e6 Nxe6 48. Bxe6 Kh5 49. Kb7 Kxh4 50. Kxa7 1/2-1/2

[Event "GER Cup 1617 final"]
[Site "Niederhausen"]
[Date "2017.06.16"]
[Round "4.5"]
[White "Paulsen, Dirk"]
[Black "Bente, Bjoern"]
[Result "1-0"]
[WhiteElo "2295"]
[BlackElo "2289"]
[PlyCount "108"]
[EventDate "2017.06.15"]
[EventType "swiss"]
[EventRounds "5"]
[EventCountry "GER"]
[SourceTitle "EXT 2019"]
[Source "ChessBase"]
[SourceDate "2018.10.10"]
[SourceVersion "1"]
[SourceVersionDate "2018.10.10"]
[SourceQuality "1"]

1. d4 d5 2. Nf3 Nf6 3. Nbd2 c6 4. e3 Bf5 5. c4 e6 6. Qb3 Qc7 7. Nh4 Bg6 8. Nxg6 hxg6 9. g3 Nbd7 10. Bg2 Bd6 11. 0-0 Ng4 12. h3 Ngf6 13. e4 dxe4 14. c5 Be7 15. Re1 b6 16. Nxe4 Nxe4 17. Bxe4 bxc5 18. Bf4 Bd6 19. Bxg6 0-0 20. Rxe6 Bxf4 21. Re7 c4 22. Qxc4 Ne5 23. Qc5 Nxg6 24. Rxc7 Bxc7 25. Qxc6 Bb6 26. Rd1 Rac8 27. Qa4 Rfd8 28. Kg2 Rd5 29. b4 Rc4 30. Qb3 Rdxd4 31. Rxd4 Rxd4 32. Qc3 Re4 33. Kf1 Re7 34. a4 Rc7 35. Qd2 Rc4 36. a5 Bd4 37. h4 Ne5 38. Kg2 a6 39. h5 Kh8 40. Kh3 Nf3 41. Qf4 Ne5 42. Qf5 Rxb4 43. f4 Nf3 44. Qxf7 Ng1+ 45. Kg4 Rb8 46. Qc7 Rg8 47. Qd6 Bf2 48. Qxa6 Re8 49. Qc6 Re2 50. a6 Ra2 51. Qe8+ Kh7 52. Qg6+ Kh8 53. h6 Bd4 54. hxg7+ Bxg7 1-0

[Event "Berlin CupT final"]
[Site "Berlin"]
[Date "2017.05.20"]
[Round "3.4"]
[White "Lagunow, Raphael"]
[Black "Paulsen, Dirk"]
[Result "1/2-1/2"]
[WhiteElo "2296"]
[BlackElo "2299"]
[PlyCount "62"]
[EventDate "2017.05.20"]
[EventType "team-k.o."]
[EventRounds "5"]
[EventCountry "GER"]
[SourceTitle "EXT 2020"]
[Source "ChessBase"]
[SourceDate "2019.10.17"]
[SourceVersion "1"]
[SourceVersionDate "2019.10.17"]
[SourceQuality "1"]
[WhiteTeam "Zehlendorf"]
[BlackTeam "Kreuzberg"]
[WhiteTeamCountry "GER"]
[BlackTeamCountry "GER"]

1. Nf3 b5 2. e4 Bb7 3. Bxb5 Bxe4 4. 0-0 c6 5. Ba4 Qa5 6. Nc3 Bxf3 7. Qxf3 Nf6 8. d4 e6 9. a3 Be7 10. b4 Qb6 11. Be3 Nd5 12. Ne4 a5 13. c4 axb4 14. axb4 Nxe3 15. fxe3 0-0 16. b5 d5 17. c5 Qd8 18. Nf2 cxb5 19. Bxb5 Ra5 20. Rfb1 Qc7 21. Rxa5 Qxa5 22. Qe2 Rc8 23. Nd3 Rc7 24. Qb2 Rb7 25. Qb4 Bd8 26. Rb2 Qc7 27. Qd2 Bf6 28. Ba4 g6 29. Rxb7 Qxb7 30. Qb4 Qa7 31. Qb5 Bd8 1/2-1/2

[Event "Oberliga Nord O 1617"]
[Site "Germany"]
[Date "2017.05.07"]
[Round "9.6"]
[White "Paulsen, Dirk"]
[Black "Kuersten, Ruediger"]
[Result "1-0"]
[WhiteElo "2301"]
[BlackElo "2186"]
[PlyCount "77"]
[EventDate "2016.10.16"]
[EventType "team-tourn"]
[EventRounds "9"]
[EventCountry "GER"]
[SourceTitle "EXT 2018"]
[Source "ChessBase"]
[SourceDate "2017.10.13"]
[SourceVersion "1"]
[SourceVersionDate "2017.10.13"]
[SourceQuality "1"]
[WhiteTeam "Kreuzberg"]
[BlackTeam "Greifswald"]
[WhiteTeamCountry "GER"]
[BlackTeamCountry "GER"]

1. e4 c6 2. Nf3 d5 3. exd5 cxd5 4. d4 Nc6 5. c3 Qc7 6. Bg5 Nf6 7. Nbd2 Bg4 8. Be2 e5 9. dxe5 Nxe5 10. Bxf6 gxf6 11. 0-0 h5 12. Qa4+ Bd7 13. Bb5 Bc5 14. Bxd7+ Qxd7 15. Qxd7+ Kxd7 16. Nh4 Rhg8 17. Nb3 Bb6 18. Rad1 Rg4 19. g3 Kc6 20. Nf5 Re8 21. Kg2 Nc4 22. Nbd4+ Bxd4 23. Nxd4+ Kc5 24. b3 Nd6 25. Rd3 h4 26. Rfd1 hxg3 27. hxg3 Ne4 28. Ne2 Rg5 29. f3 Nd6 30. Nf4 Nf5 31. Rxd5+ Kc6 32. Kf2 Rh8 33. g4 Rh2+ 34. Kg1 Rxa2 35. Rxf5 Rxf5 36. gxf5 Ra5 37. Ne2 Re5 38. Kf2 Kc5 39. Rd7 1-0

[Event "Oberliga Nord O 1617"]
[Site "Germany"]
[Date "2017.03.19"]
[Round "7.6"]
[White "Paulsen, Dirk"]
[Black "Schuckar, Donald"]
[Result "0-1"]
[WhiteElo "2301"]
[BlackElo "1981"]
[PlyCount "54"]
[EventDate "2016.10.16"]
[EventType "team-tourn"]
[EventRounds "9"]
[EventCountry "GER"]
[SourceTitle "EXT 2018"]
[Source "ChessBase"]
[SourceDate "2017.10.13"]
[SourceVersion "1"]
[SourceVersionDate "2017.10.13"]
[SourceQuality "1"]
[WhiteTeam "Kreuzberg"]
[BlackTeam "Neuruppin"]
[WhiteTeamCountry "GER"]
[BlackTeamCountry "GER"]

1. c4 d6 2. Nc3 g6 3. e3 Bg7 4. Nge2 e5 5. g3 Bd7 6. Bg2 Bc6 7. Nd5 Nf6 8. 0-0 Nxd5 9. cxd5 Bd7 10. d4 h5 11. dxe5 Bxe5 12. f4 Bg7 13. Nd4 h4 14. b3 hxg3 15. hxg3 Qc8 16. Bb2 Bh3 17. Qe2 Bxg2 18. Qxg2 Qg4 19. Rac1 Na6 20. e4 Rh3 21. Kf2 Nc5 22. Rcd1 0-0-0 23. Rh1 Rdh8 24. Rxh3 Rxh3 25. e5 Ne4+ 26. Qxe4 Rh2+ 27. Ke3 Qxd1 0-1

[Event "Berlin Cup KO"]
[Site "Berlin"]
[Date "2016.10.06"]
[Round "5.1"]
[White "Krefenstein, Sergej"]
[Black "Paulsen, Dirk"]
[Result "0-1"]
[WhiteElo "2096"]
[BlackElo "2222"]
[PlyCount "58"]
[EventDate "2016.09.08"]
[EventType "k.o."]
[EventRounds "5"]
[EventCountry "GER"]
[SourceTitle "EXT 2022"]
[Source "ChessBase"]
[SourceDate "2021.10.06"]
[SourceVersion "1"]
[SourceVersionDate "2021.10.06"]
[SourceQuality "1"]

1. d4 d5 2. Bg5 Qd6 3. Qd2 f6 4. Bh4 Nh6 5. Bg3 Qb6 6. Nc3 c6 7. 0-0-0 e6 8. e4 Qa5 9. Bd3 Na6 10. exd5 cxd5 11. Bb5+ Bd7 12. Bxd7+ Kxd7 13. Nge2 Rc8 14. Kb1 Nf5 15. Bf4 g5 16. g4 Nd6 17. Bxd6 Bxd6 18. f4 gxf4 19. Nxf4 Rxc3 20. bxc3 Rc8 21. Ne2 Rc4 22. Ka1 Nc7 23. Rb1 Nb5 24. Rb3 Ra4 25. Rb2 Ba3 26. Rb3 Be7 27. Rb2 Ba3 28. Rb3 Bb4 29. Kb1 Rxa2 0-1

[Event "Berlin Cup KO"]
[Site "Berlin"]
[Date "2016.09.08"]
[Round "1.8"]
[White "Fanin, Erik"]
[Black "Paulsen, Dirk"]
[Result "0-1"]
[WhiteElo "1869"]
[BlackElo "2222"]
[PlyCount "68"]
[EventDate "2016.09.08"]
[EventType "k.o."]
[EventRounds "5"]
[EventCountry "GER"]
[SourceTitle "EXT 2022"]
[Source "ChessBase"]
[SourceDate "2021.10.06"]
[SourceVersion "1"]
[SourceVersionDate "2021.10.06"]
[SourceQuality "1"]

1. e4 Nf6 2. Nc3 d5 3. exd5 Nxd5 4. Bc4 Nb6 5. Bb3 c5 6. d3 Bf5 7. Nf3 Nc6 8. 0-0 e6 9. Re1 Be7 10. Bf4 0-0 11. Qe2 Bg4 12. Qe4 Nd7 13. Ne5 Ndxe5 14. Bxe5 Nxe5 15. Qxe5 Bf5 16. Rad1 Bd6 17. Qe2 Qh4 18. g3 Qh3 19. Ne4 Be7 20. Qe3 Rad8 21. Bc4 Bg6 22. d4 Qh5 23. c3 b6 24. Rd2 cxd4 25. cxd4 Bxe4 26. Qxe4 Bb4 27. Red1 Bxd2 28. Rxd2 Qa5 29. Rd1 Qb4 30. d5 exd5 31. Rxd5 Rxd5 32. Bxd5 Qxe4 33. Bxe4 Re8 34. f3 Rd8 0-1

[Event "Berlin Lieb Memorial 2nd"]
[Site "Berlin"]
[Date "2016.05.19"]
[Round "1"]
[White "Paulsen, Dirk"]
[Black "Quetin, Alois"]
[Result "1-0"]
[WhiteElo "2291"]
[BlackElo "1742"]
[PlyCount "51"]
[EventDate "2016.05.19"]
[EventType "swiss"]
[EventRounds "7"]
[EventCountry "GER"]
[SourceTitle "EXT 2022"]
[Source "ChessBase"]
[SourceDate "2021.10.06"]
[SourceVersion "1"]
[SourceVersionDate "2021.10.06"]
[SourceQuality "1"]

1. d4 d5 2. c4 e6 3. Nc3 c6 4. Nf3 Nf6 5. Bg5 Bd6 6. a3 h6 7. Bxf6 Qxf6 8. e4 dxe4 9. Nxe4 Qe7 10. Nxd6+ Qxd6 11. Bd3 Nd7 12. Qe2 b6 13. Rd1 Qc7 14. 0-0 0-0 15. Qe4 Nf6 16. Qe5 Qxe5 17. dxe5 Nh7 18. Be4 Bb7 19. Rd7 Rab8 20. Rfd1 Rfc8 21. Bxh7+ Kxh7 22. Rxf7 Rd8 23. Rd6 Ba6 24. Nd4 Rxd6 25. exd6 Kg6 26. Rxa7 1-0

[Event "GER-ch 86th"]
[Site "Saarbruecken"]
[Date "2015.12.10"]
[Round "8"]
[White "Paulsen, Dirk"]
[Black "Middelhoff, Cornelius"]
[Result "1/2-1/2"]
[WhiteElo "2303"]
[BlackElo "2137"]
[PlyCount "80"]
[EventDate "2015.12.03"]
[EventType "swiss"]
[EventRounds "9"]
[EventCountry "GER"]
[SourceTitle "CBM 169 Extra"]
[Source "ChessBase"]
[SourceDate "2015.12.18"]
[SourceVersion "1"]
[SourceVersionDate "2015.12.18"]
[SourceQuality "1"]

1. d4 Nf6 2. c4 g6 3. Nc3 d5 4. Qa4+ Bd7 5. Qc2 c5 6. dxc5 Qa5 7. cxd5 Nxd5 8. Bd2 Nb4 9. Qd1 Qxc5 10. e4 Bg7 11. Nf3 0-0 12. Rc1 Qd6 13. a3 Nd3+ 14. Bxd3 Qxd3 15. Qe2 Qxe2+ 16. Kxe2 Nc6 17. Be3 Rfd8 18. Rhd1 Be6 19. Nd5 Bxb2 20. Rb1 Bxa3 21. Rxb7 Bc8 22. Rb3 Bd6 23. Rc1 Na5 24. Rbc3 Bb7 25. Ra1 Bxd5 26. exd5 Bb4 27. Rd3 Nc4 28. Rxa7 Rxa7 29. Bxa7 Ra8 30. Bd4 Ra2+ 31. Kf1 Nd2+ 32. Nxd2 Rxd2 33. Rxd2 Bxd2 34. Ke2 Bb4 35. Be5 Kf8 36. Kd3 Ke8 37. Kc4 Ba3 38. h3 Kd7 39. f3 e6 40. dxe6+ Kxe6 1/2-1/2

[Event "GER-ch 86th"]
[Site "Saarbruecken"]
[Date "2015.12.05"]
[Round "3"]
[White "Weber, Max"]
[Black "Paulsen, Dirk"]
[Result "1/2-1/2"]
[WhiteElo "2160"]
[BlackElo "2303"]
[PlyCount "94"]
[EventDate "2015.12.03"]
[EventType "swiss"]
[EventRounds "9"]
[EventCountry "GER"]
[SourceTitle "CBM 169 Extra"]
[Source "ChessBase"]
[SourceDate "2015.12.18"]
[SourceVersion "1"]
[SourceVersionDate "2015.12.18"]
[SourceQuality "1"]

1. Nf3 f5 2. g3 b6 3. Bg2 Bb7 4. d4 Nf6 5. 0-0 e6 6. c4 Na6 7. Nc3 Bb4 8. Bd2 0-0 9. a3 Bxc3 10. Bxc3 Ne4 11. Rc1 c5 12. dxc5 bxc5 13. Qa4 Nc7 14. Rfd1 d6 15. Ba5 Qe7 16. Nd2 Ne8 17. f3 N4f6 18. b4 e5 19. e3 g5 20. Qc2 Ng7 21. Nf1 f4 22. Qd3 g4 23. exf4 gxf3 24. Bxf3 e4 25. Qe2 Nf5 26. Bg2 e3 27. Bxb7 Qxb7 28. bxc5 dxc5 29. Bc3 Rae8 30. Rd3 Qe4 31. Rcd1 Qxc4 32. Bxf6 Rxf6 33. Qg4+ Kf8 34. Qg5 Qf7 35. Rd7 Qg6 36. Re1 Qxg5 37. fxg5 Rf7 38. Rxf7+ Kxf7 39. g4 Nd4 40. Rxe3 Rxe3 41. Nxe3 Nf3+ 42. Kf2 Nxg5 43. h4 Ne4+ 44. Kf3 Nd6 45. Kf4 Ke6 46. Kg5 Nf7+ 47. Kf4 Nd6 1/2-1/2

[Event "BL2-Nord 1516"]
[Site "Germany"]
[Date "2015.09.20"]
[Round "1.5"]
[White "Seils, Joerg"]
[Black "Paulsen, Dirk"]
[Result "1-0"]
[WhiteElo "2327"]
[BlackElo "2308"]
[PlyCount "91"]
[EventDate "2015.09.19"]
[EventType "team-tourn"]
[EventRounds "9"]
[EventCountry "GER"]
[SourceTitle "EXT 2017"]
[Source "ChessBase"]
[SourceDate "2016.10.25"]
[SourceVersion "1"]
[SourceVersionDate "2016.10.25"]
[SourceQuality "1"]
[WhiteTeam "Pankow Rotation"]
[BlackTeam "Kreuzberg"]
[WhiteTeamCountry "GER"]
[BlackTeamCountry "GER"]

1. e4 d6 2. d4 Nf6 3. Nc3 g6 4. Nf3 Bg7 5. Be2 0-0 6. 0-0 Bg4 7. h3 Bxf3 8. Bxf3 Nc6 9. Be3 e5 10. dxe5 Nxe5 11. Be2 Re8 12. f4 Ned7 13. Bf3 Nb6 14. Qd3 c6 15. Rad1 d5 16. e5 Nfd7 17. b3 f6 18. exf6 Qxf6 19. Ne2 Qe7 20. Bd4 Nc5 21. Qc3 Ne6 22. Bxg7 Qxg7 23. Qxg7+ Kxg7 24. g4 Nc5 25. Nd4 a5 26. f5 Re3 27. Rde1 Rxe1 28. Rxe1 Kf6 29. h4 gxf5 30. Nxf5 h5 31. Ne3 hxg4 32. Nxg4+ Kf5 33. Kg2 Ne4 34. Kh3 Nd7 35. Bxe4+ dxe4 36. Rf1+ Kg6 37. Rd1 Nf8 38. Rd6+ Kg7 39. h5 Re8 40. h6+ Kh8 41. Ne3 Kh7 42. Kg4 Ng6 43. Rd7+ Re7 44. Rxe7+ Nxe7 45. Kf4 a4 46. Kxe4 1-0

[Event "GER Cup"]
[Site "Wiesbaden/Niedernhausen"]
[Date "2015.06.04"]
[Round "2.4"]
[White "Buchal, Stephan"]
[Black "Paulsen, Dirk"]
[Result "0-1"]
[WhiteElo "2259"]
[BlackElo "2304"]
[PlyCount "73"]
[EventDate "2015.06.04"]
[EventType "k.o."]
[EventRounds "5"]
[EventCountry "GER"]
[SourceTitle "EXT 2017"]
[Source "ChessBase"]
[SourceDate "2016.10.25"]
[SourceVersion "1"]
[SourceVersionDate "2016.10.25"]
[SourceQuality "1"]

1. c4 e5 2. g3 d5 3. cxd5 Qxd5 4. Nf3 Bb4 5. Nc3 Bxc3 6. dxc3 Qxd1+ 7. Kxd1 Nc6 8. Bg2 Nf6 9. Bg5 Ng4 10. Ke1 h6 11. Bd2 Be6 12. h3 Nf6 13. g4 a5 14. Nh4 0-0 15. Rg1 a4 16. g5 hxg5 17. Bxg5 Kh8 18. Bxf6 gxf6 19. Be4 Ne7 20. a3 f5 21. Bc2 Rg8 22. Rxg8+ Rxg8 23. Rd1 b5 24. c4 bxc4 25. Bxa4 Rb8 26. Rd2 Kg7 27. Nf3 Kf6 28. Kd1 f4 29. Bd7 Bd5 30. Kc1 e4 31. Nh2 c6 32. e3 f3 33. Rd1 Ke5 34. Rg1 f5 35. Rg5 Kf6 36. h4 Rh8 37. Ng4+ 0-1

[Event "Berlin Lieb Memorial 1st"]
[Site "Berlin"]
[Date "2015.05.28"]
[Round "2"]
[White "Koenig, Frank"]
[Black "Paulsen, Dirk"]
[Result "0-1"]
[WhiteElo "1946"]
[BlackElo "2311"]
[PlyCount "70"]
[EventDate "2015.05.21"]
[EventType "swiss"]
[EventRounds "7"]
[EventCountry "GER"]
[SourceTitle "EXT 2022"]
[Source "ChessBase"]
[SourceDate "2021.10.06"]
[SourceVersion "1"]
[SourceVersionDate "2021.10.06"]
[SourceQuality "1"]

1. g3 e5 2. Bg2 d5 3. d3 Nc6 4. a3 Nge7 5. Nd2 g6 6. e3 Bg7 7. Ne2 Be6 8. 0-0 Qd7 9. e4 f5 10. Nb3 b6 11. Nd2 0-0-0 12. b4 dxe4 13. dxe4 f4 14. Qe1 g5 15. Nb3 Bc4 16. b5 Bxb5 17. a4 Bc4 18. a5 Rhf8 19. axb6 cxb6 20. f3 a5 21. Ba3 Rf7 22. Rf2 Nd4 23. Qc3 Qc7 24. Bh3+ Kb8 25. Nc5 Nxe2+ 26. Rxe2 Bxe2 27. Rb1 Ka7 28. Kf2 Ba6 29. Be6 Rf6 30. Bc4 Bc8 31. Na4 Rdd6 32. Rb5 fxg3+ 33. hxg3 g4 34. f4 exf4 35. e5 fxg3+ 0-1